History Quiz

Random History or Politics Quiz

U.S. Senators Quiz Stats

 Plays Quiz not verified by Sporcle

Challenge
Share
Tweet
Embed
Score 0/100 Timer 10:00
0 Plays Today
State Senator % Correct
ArizonaJohn McCain
92.3%
CaliforniaBarbara Boxer
78.8%
ConnecticutJoe Lieberman
78.8%
MassachusettsJohn Kerry
78.8%
MinnesotaAl Franken
76.9%
CaliforniaDianne Feinstein
75%
MassachusettsScott Brown
75%
AlaskaLisa Murkowski
73.1%
ConnecticutChris Dodd
73.1%
OhioSherrod Brown
73.1%
ArizonaJon Kyl
71.2%
MaineOlympia Snow
71.2%
NevadaHarry Reid
71.2%
PennsylvaniaArlen Specter
69.2%
HawaiiDaniel Inouye
67.3%
AlabamaJeff Sessions
65.4%
ColoradoMark Udall
65.4%
FloridaBill Nelson
65.4%
IndianaEvan Bayh
65.4%
NebraskaBen Nelson
65.4%
New MexicoTom Udall
65.4%
New YorkChuck Schumer
65.4%
AlaskaMark Begich
63.5%
ColoradoMichael Bennett
63.5%
KentuckyMitch McConnell
63.5%
LouisianaMary Landrieu
63.5%
MaineSusan Collins
63.5%
UtahRobert Foster Bennett
63.5%
ArkansasBlanche Lincoln
61.5%
HawaiiDaniel Akaka
61.5%
IllinoisDick Durbin
61.5%
IllinoisRoland Burris
61.5%
North CarolinaRichard Burr
61.5%
West VirginiaRobert Byrd
61.5%
State Senator % Correct
AlabamaRichard Shelby
59.6%
KentuckyJim Bunning
59.6%
MichiganCarl Levin
59.6%
South CarolinaLindsey Graham
59.6%
VirginiaJim Webb
59.6%
GeorgiaSaxby Chambliss
57.7%
IndianaRichard Lugar
57.7%
LouisianaDavid Vitter
57.7%
TexasKay Bailey Hutchison
57.7%
VermontBernie Sanders
57.7%
IowaTom Harkin
55.8%
South DakotaTim Johnson
55.8%
WisconsinRuss Feingold
55.8%
ArkansasMark Pryor
53.8%
MarylandBarbara Mikulski
53.8%
West VirginiaJay Rockefeller
53.8%
MinnesotaAmy Klobuchar
51.9%
MontanaJon Tester
51.9%
NevadaJohn Ensign
51.9%
TennesseeLamar Alexander
51.9%
UtahOrrin Hatch
51.9%
VirginiaMark Warner
51.9%
WashingtonPatty Murray
51.9%
KansasSam Brownback
50%
New JerseyBob Menendez
50%
Rhode IslandSheldon Whitehouse
50%
South DakotaJohn Thune
50%
DelawareTom Carper
48.1%
IdahoMike Crapo
48.1%
MissouriKit Bond
48.1%
MissouriClaire McCaskill
48.1%
New YorkKirsten Gillibrand
48.1%
PennsylvaniaBob Casey
48.1%
South CarolinaJim DeMint
48.1%
State Senator % Correct
TexasJohn Cornyn
48.1%
VermontPatrick Leahy
48.1%
WashingtonMaria Cantwell
48.1%
WisconsinHerb Kohl
48.1%
IowaChuck Grassley
46.2%
MichiganDebbie Stabenow
46.2%
OklahomaJim Inhofe
46.2%
Rhode IslandJack Reed
46.2%
North CarolinaKay Hagan
44.2%
OhioGeorge Voinovich
44.2%
KansasPat Roberts
42.3%
MontanaMax Baucus
42.3%
New HampshireJudd Gregg
42.3%
New HampshireJeanne Shaheen
42.3%
New JerseyFrank Lautenberg
42.3%
North DakotaByron Dorgan
42.3%
OregonRon Wyden
42.3%
TennesseeBob Corker
42.3%
DelawareTed Kaufman
40.4%
FloridaGeorge LeMieux
40.4%
MississippiThad Cochran
40.4%
MarylandBen Cardin
38.5%
North DakotaKent Conrad
38.5%
WyomingMike Enzi
38.5%
GeorgiaJohnny Isakson
36.5%
OklahomaTom Coburn
36.5%
MississippiRoger Wicker
34.6%
New MexicoJeff Bingaman
32.7%
WyomingJohn Barrasso
32.7%
IdahoJim Risch
28.8%
OregonJeff Merkley
28.8%
NebraskaMike Johanns
25%

You're not logged in!

Compare scores with friends on all Sporcle quizzes.
OR
Log In

You Might Also Like...

Show Comments

Extras

Top Quizzes Today


Score Distribution

Your Account Isn't Verified!

In order to create a playlist on Sporcle, you need to verify the email address you used during registration. Go to your Sporcle Settings to finish the process.

Report this User

Report this user for behavior that violates our Community Guidelines.

Details: